| 000 | 01139nam a2200205Ia 4500 | ||
|---|---|---|---|
| 003 | Ost | ||
| 005 | 20260507075134.0 | ||
| 008 | 260507s9999||||xx |||||||||||||| ||und|| | ||
| 040 | _cfsecg | ||
| 041 | _aara | ||
| 082 | _a330 | ||
| 100 |
_aشقير، محمد لبيب _eمؤلف |
||
| 245 | 0 |
_aالوحدة الإقتصادية العربية تجاربها وتوقعاتها / _c محمد لبيب شقير |
|
| 260 |
_aلبنان: _bمركز دراسات الوحدة العربية, _c1986 |
||
| 300 |
_a1291 صفحة؛ _bإيضاحات ؛ _c24 سم |
||
| 520 | _aظاهرة التجمع الإقتصادي في اطارها النظري العام- نظرة عامة على التطور التاريخي للعلاقات الإقتصادية بين الأقطار العربية- المداخل التي اتبعتها الأقطار العربية لتحقيق التكامل الإقتصادي العربي- عوامل وأسباب تواضع نتائج جهود التعاون والتكامل الإقتصادي العربي. | ||
| 653 | _aالإقتصاد | ||
| 653 | _aالتجمع الإقتصادي | ||
| 942 | _cكتاب | ||
| 999 |
_c43248 _d43248 |
||